| 000 | 00636nam a22002177a 4500 | ||
|---|---|---|---|
| 003 | OSt | ||
| 005 | 20140310182330.0 | ||
| 008 | 130313t xxu||||| |||| 00| 0 eng d | ||
| 020 | _a9780525392446 | ||
| 050 |
_aPZ 7 _b.C45 1925 |
||
| 082 |
_aGS 813 _b C43 1925 |
||
| 100 |
_aChrisman, Arthur Bowie, _d1889-1953. _921386 |
||
| 245 |
_aShen of the sea : _cChrisman, Arthur Bowie _bChinese stories for children / |
||
| 260 |
_aNew York : _bDutton Children's Books, _cc1925. |
||
| 300 |
_a221 p. _c22 cm _bill, |
||
| 526 | _c860L-920L | ||
| 541 | _j1 | ||
| 562 | _e1 | ||
| 650 |
_aChinese stories. _921387 |
||
| 942 |
_2lcc _cBK-GS |
||
| 999 |
_c11970 _d11970 |
||